000
00337nam a2200133Ia 4500
008
240624s9999 xx 000 0 und d
041
_a
eng
082
_a
658.0072 JEA
100
_a
JEANES EMMA
245
_a
CRITICAL MANAGEMENT RESEARCH REFLECTIONS
260
_c
2014
_a
London
_b
Sage
300
_a
ix, 246 p.; 23 cm.
365
_c
BPS
_b
38
999
_c
31552
_d
31552